000 02071 a2200229 4500
005 20250225063855.0
008 230609c2023 sp|ar|p|o|||| 00| 0 spa d
040 _aMX-MxUPN
_bspa
_cMX-MxUPN
_eaacr2
100 1 _aMartín Barrado, Antonio David
_949238
245 1 0 _aInfluencia del lenguaje abreviado de redes sociales en el procesamiento de información
_h[recurso electrónico en línea]
506 0 _aAcceso abierto
520 3 0 _aDesde el uso de los mensajes SMS se ha venido utilizando un lenguaje escrito cada vez más abreviado, que lejos de parecer una deformación del lenguaje, sigue un código único y especial que ha “evolucionado” entre los usuarios activos de las “nuevas” redes sociales. En este trabajo se busca determinar el grado de recuerdo en los mensajes abreviados de Whatsapp en una muestra de 32 participantes, divididos en jóvenes (20-25 años) y adultos (45-55 años). De igual forma, se investiga el coste cognitivo que supone la lectura de un mensaje abreviado con emoticonos frente a uno no abreviado siguiendo la normativa de la RAE. De este análisis se obtienen varias conclusiones principales. La primera es que el lenguaje abreviado es capaz de transmitir la información más destacada a costa de un mayor tiempo de lectura, aunque los sujetos se vean competentes. Segundo, hay mayores ideas principales en hombres adultos y mujeres jóvenes. Tercero, hay un mayor número de ideas distorsionadas para los adultos de la condición abreviada y jóvenes sin abreviar. Todo esto hace que este lenguaje tenga unas características y finalidad que lo hace ser un lenguaje vivo y único
650 4 _aLectura
_913351
650 4 _aRedes sociales en línea
_945823
653 _aLenguaje abreviado
653 _aWhatsapp
653 _aRecuerdo
773 0 _dEspaña : Universidad de Huelva, 1975-
_x2173-6855
_tAnálisis y modificación de conducta
_gVol. 49, no. 180 (2023), p. 117-137
856 4 0 _uhttp://www.uhu.es/publicaciones/ojs/index.php/amc/article/view/7659
902 _aGloria Jiménez/090623
942 _cART-E
999 _c209788
_d209788